000 00459nam a22001937a 4500
999 _c11680
_d11680
003 OSt
008 230110b ||||| |||| 00| 0 eng d
020 _a9789353161149
082 _a658 FIS
100 _aFITZSIMMONS,James A
245 _aService Management
250 _a8th Ed
260 _aNew Delhi
_bTMH
_c2022
300 _a524
650 _aService Management
700 _aFITZSIMMONS,Mona J
700 _aBORDOLOI,Sanjeev K
942 _2ddc
_cREF